000 00324nam a22001337a 4500
020 _a2706808233
040 _cDLC
082 _a 630 PAR 1982 C284 Or.
100 _aG.PARRY
245 _a Le cotonnier et ses produits
260 _bG.-P. Maisonneuve & Larose, Paris,
_c1982
300 _a502 pages
_c25 cm
942 _cAEDBB
999 _c22447
_d22447